000
00298nam a2200109Ia 4500
008
220204s9999 xx 000 0 und d
082
_a
678:541.6
_b
GOR
100
_a
Gordon, Manfred
245
0
_a
High polymers: Structure and physical properties
260
_a
London
_b
ILIFFE books
_c
1963
942
_c
BK
999
_c
20583
_d
20583